| 000 | 00000nam##2200000za#4500 |
| 001 | 9.588527 |
| 003 | CaOODSP |
| 005 | 20210624195152 |
| 007 | cr ||||||||||| |
| 008 | 150406|1989||||xxc|||||o f|0| 0 eng|d |
| 040 | |aCaOODSP|beng |
| 041 | |aeng |
| 041 | |afre |
| 043 | |an-cn--- |
| 086 | 1 |aCS92-N0060/20-1989-PDF |
| 245 | 00|aStep 5: agricultural operator / |h[electronic resource]|c[by] : S.Legault. |
| 260 | |aOttawa - Ontario : |bStatistics Canada |c1989. |
| 490 | 1 |aNational census test|vNo. 20 |
| 500 | |aHistorical census publication digitized by Statistics Canada. Digitized copy of the English edition was not created. Some text in English. |
| 590 | |a13-04-Supp|b2013-02-13 |
| 690 | 07|aCensus|2gcpds |
| 690 | 07|aAgricultural workers|2gcpds |
| 710 | 2 |aStatistics Canada. |
| 792 | |tLes exploitants agricoles (étape 5) / |efre|w(CaOODSP)9.588528 |
| 830 | #0|aNational Census test ;|vNo. 20|w(CaOODSP)9.500681 |
| 856 | 40|ahttp://publications.gc.ca|qPDF|s417 KB|uhttps://publications.gc.ca/collections/collection_2013/statcan/rh-hc/CS92-N0060-20-1989-fra.pdf|yNo. 20 |